| 000 | 00947cab a2200229 4500 | ||
|---|---|---|---|
| 001 | W7177 | ||
| 008 | 090401t1994 xxu||||| |||| 00| 0 eng d | ||
| 035 | _a(Sirsi) u17856 | ||
| 041 | _aeng | ||
| 245 | _aUndue influence | ||
| 260 | _c1994 | ||
| 350 | _a0 | ||
| 490 |
_aEstates Gazette Case Summaries _v(1994) EGCS 45(1) (19/3/94) |
||
| 520 | _a"Midland Bank plc v Serter and another" ChD 3 March 1994. Both husband and wife signed the registration of a charge against their home in order to raise a bank guarantee from the plaintiff, the latter pressing to enforce its security when the husband defaulted on payments. The wife defended, unsuccessfully, on the grounds the M had failed in its duty to explain the charge. | ||
| 650 | _aBARCLAYS BANK PLC V OBRIEN | ||
| 650 | _aEXPLANATION | ||
| 650 | _aLEGAL CHARGES | ||
| 650 | _aMISREPRESENTATION | ||
| 690 | _aPROPERTY LAW AND PRACTICE-CASE LAW | ||
| 942 | _n0 | ||
| 948 | _c04/03/1997 | ||
| 999 |
_c11843 _d11843 |
||